LEADER 00992nam0 2200265 450 001 000017771 005 20081020115341.0 100 $a20081020d1999----km-y0itay50------ba 101 0 $aeng 102 $aUS 105 $ay-------001yy 200 1 $aExploring the science of computing$ea laboratory approach with PASCAL$fKenneth Abernethy, J. Thomas Allen, Jr. 210 $aBoston (Mass.)$cPWS Pub. Co.$d1994 215 $axvi, 623 p.$cill. (alcune color.)$d26 cm 225 2 $a<>PWS series in computer science 410 0$12001$a<>PWS series in computer science 610 1 $aElaboratori elettronici$aLinguaggio Pascal 676 $a005.133$v21$9Specifici linguaggi di programmazione 700 1$aAbernethy,$bKen$0632073 701 1$aAllen,$bJ. Thomas,$f<1948- >$0632118 801 0$aIT$bUNIPARTHENOPE$c20081020$gRICA$2UNIMARC 912 $a000017771 951 $aM 005.133/51$bM 1397$cDSA$d2008 996 $aExploring the science of computing$91202010 997 $aUNIPARTHENOPE LEADER 00891cam2 22002413 450 001 SOBE00041742 005 20140326104739.0 100 $a20140326d1976 |||||ita|0103 ba 101 $aita 102 $aIT 200 1 $a<<5: >>Testo$fGiorgio Vasari 210 $aFirenze$cSansoni$dstampa1976 215 $a642 p.$cill.$d27 cm. 461 1$1001SON0006056$12001 $a<>vite de' pił eccellenti pittori, scultori e architettori nelle redazioni del 1550 e 1568 / Giorgio Vasari ; Testo a cura di Rosanna Bettarini ; Commento secolare a cura di Paola Barocchi 801 0$aIT$bUNISOB$c20140326$gRICA 850 $aUNISOB 852 $aUNISOB$j700$m136710 912 $aSOBE00041742 940 $aM 102 Monografia moderna SBN 941 $aM 957 $a700$b001548$i-5$gSI$d136710$1rovito$2UNISOB$3UNISOB$420140326104645.0$520140326104715.0$6rovito 996 $aTesto$9148802 997 $aUNISOB LEADER 02149nam0 22004933i 450 001 VAN0189454 005 20230613085527.696 017 70$2N$a9783319444314 100 $a20210721d2017 |0itac50 ba 101 $aeng 102 $aCH 105 $a|||| ||||| 200 1 $aInterferometry and Synthesis in Radio Astronomy$fA. Richard Thompson, James M. Moran, George W. Swenson Jr 205 $a3. ed 210 $aCham$cSpringer$d2017 215 $axlvi, 872 p.$cill.$d24 cm 410 1$1001VAN0066219$12001 $aAstronomy and astrophysics library$1210 $aBerlin$cSpringer 500 1$3VAN0189458$aInterferometry and Synthesis in Radio Astronomy$91831785 606 $a00A79 (77-XX)$xPhysics [MSC 2020]$3VANC023182$2MF 606 $a85-XX$xAstronomy and Astrophysics [MSC 2020]$3VANC023246$2MF 610 $aDigital signal processing$9KW:K 610 $aInterferometry textbook$9KW:K 610 $aRadio astronomy textbook$9KW:K 610 $aRadio frequency interference$9KW:K 610 $aRadio interferometers$9KW:K 610 $aRadio interferometry textbook$9KW:K 610 $aRadio propagation effects$9KW:K 610 $aSynthesis array$9KW:K 610 $aSynthesis mapping$9KW:K 610 $aThompson interferometry$9KW:K 610 $aVery-long-baseline interferometry (VLBI)$9KW:K 620 $aCH$dCham$3VANL001889 700 1$aThompson$bA. Richard$3VANV168610$0822950 701 1$aMoran$bJames M.$3VANV168611$0822951 701 1$aSwenson$bGeorge W. jr.$3VANV168612$0822952 712 $aSpringer $3VANV108073$4650 801 $aIT$bSOL$c20240614$gRICA 856 4 $uhttp://doi.org/10.1007/978-3-319-44431-4$zE-book ? Accesso al full-text attraverso riconoscimento IP di Ateneo, proxy e/o Shibboleth 899 $aBIBLIOTECA DEL DIPARTIMENTO DI MATEMATICA E FISICA$1IT-CE0120$2VAN08 912 $fN 912 $aVAN0189454 950 $aBIBLIOTECA DEL DIPARTIMENTO DI MATEMATICA E FISICA$d08CONS e-book 3158 $e08eMF3158 20210721 996 $aInterferometry and Synthesis in Radio Astronomy$91831785 997 $aUNICAMPANIA